[Event "Las Vegas USA, 32nd North American Open"]
[Site "Las Vegas USA"]
[Date "2022.12.27"]
[Round "3"]
[White "Vemparala, Nikash"]
[Black "Plotkin, Mark"]
[Result "1/2-1/2"]
[WhiteElo "2102"]
[BlackElo "2369"]
[PlyCount "194"]
[EventDate "2022.12.26"]
[EventType "swiss"]
[EventRounds "9"]
[EventCountry "USA"]
[Source "ChessMix "]
[SourceDate "2023.01.10"]

1. e4 g6 2. d4 Bg7 3. Nf3 d6 4. c3 Nd7 5. Bd3 e5 6. O-O Ngf6 7. Re1 O-O 8. Nbd2
Nh5 9. Nf1 Nf4 10. Bc4 c6 11. Bb3 Qe7 12. Ng3 Nf6 13. h3 b6 14. Be3 Ba6 15. Qd2
Nd3 16. Red1 c5 17. Ne1 exd4 18. Nxd3 dxe3 19. Qxe3 Rae8 20. Re1 Qb7 21. Nf4 c4
22. Bc2 Re5 23. Qd4 Qe7 24. Rad1 d5 25. Re3 dxe4 26. Nxe4 Nxe4 27. Rxe4 Re8 28.
Rde1 Rxe4 29. Qxe4 Qxe4 30. Rxe4 Rd8 31. Re7 Rd2 32. Rxa7 Rxc2 33. Rxa6 Be5 34.
g3 Rxb2 35. Nd5 b5 36. a4 Rd2 37. Ne3 b4 38. Nxc4 Rd1+ 39. Kg2 Bxc3 40. Rb6 Ra1
41. a5 Ra2 42. Kf1 Kg7 43. Rb5 Bd4 44. Ne3 Rb2 45. Nd1 Rb1 46. Ke2 b3 47. a6
Ra1 48. Rxb3 Rxa6 49. Ne3 h5 50. h4 Ra2+ 51. Kf3 Ra4 52. Rd3 Kf6 53. Nc2 Bc5
54. Rc3 Ra5 55. Ne3 Ba7 56. Rc6+ Kg7 57. Rc3 Re5 58. Ra3 Re7 59. Nd5 Rd7 60.
Ne3 Bc5 61. Rc3 Bb4 62. Rb3 Be7 63. Ke2 Ra7 64. Kf3 Ra2 65. Rb7 Bc5 66. Rb5 Bd4
67. Rb3 Be5 68. Nc4 Bf6 69. Ne3 Bd8 70. Nc4 Ra4 71. Nb2 Ra5 72. Nc4 Ra1 73. Rd3
Be7 74. Rd7 Kf8 75. Rb7 Ra4 76. Rb8+ Kg7 77. Ne3 Ra2 78. Rb7 Bc5 79. Rb5 Bd4
80. Rb3 Rd2 81. Ra3 Rb2 82. Nd1 Rb5 83. Ne3 f6 84. Rd3 Be5 85. Rd7+ Kh6 86. Rd3
Rb4 87. Nc2 Ra4 88. Rb3 Ra2 89. Ne3 Ra4 90. Rd3 g5 91. hxg5+ fxg5 92. Kg2 Kg6
93. Rd5 Bf6 94. Rd6 Kf7 95. Rc6 Rd4 96. Rc7+ Kg6 97. Rc6 Rd7 1/2-1/2

[Event "Las Vegas USA, 32nd North American Open"]
[Site "Las Vegas USA"]
[Date "2022.12.27"]
[Round "4"]
[White "Plotkin, Mark"]
[Black "Guha, Rohit"]
[Result "1-0"]
[WhiteElo "2369"]
[BlackElo "2146"]
[PlyCount "45"]
[EventDate "2022.12.26"]
[EventType "swiss"]
[EventRounds "9"]
[EventCountry "USA"]
[Source "ChessMix "]
[SourceDate "2023.01.10"]

1. e4 e6 2. d4 d5 3. Nd2 c5 4. Ngf3 cxd4 5. Nxd4 Nf6 6. exd5 Qxd5 7. Nb5 Qd8 8.
Bd3 a6 9. Nc3 Nbd7 10. O-O Ne5 11. Be2 Be7 12. Nf3 Nxf3+ 13. Bxf3 Qc7 14. Re1
O-O 15. Qd4 Rd8 16. Bf4 Qa5 17. Qc4 Qc5 18. Qb3 Qb4 19. Qxb4 Bxb4 20. Red1
Rxd1+ 21. Rxd1 Kf8 22. Na4 Ba5 23. b4 1-0

[Event "Las Vegas USA, 32nd North American Open"]
[Site "Las Vegas USA"]
[Date "2022.12.28"]
[Round "5"]
[White "Xu, Arthur"]
[Black "Plotkin, Mark"]
[Result "1-0"]
[WhiteElo "2053"]
[BlackElo "2369"]
[PlyCount "89"]
[EventDate "2022.12.26"]
[EventType "swiss"]
[EventRounds "9"]
[EventCountry "USA"]
[Source "ChessMix "]
[SourceDate "2023.01.10"]

1. e4 g6 2. d4 Bg7 3. Nc3 d6 4. g3 Nc6 5. Be3 Nf6 6. h3 e5 7. Nge2 exd4 8. Nxd4
O-O 9. Bg2 Bd7 10. O-O Re8 11. Kh2 Ne5 12. Qe2 d5 13. Nxd5 Nxd5 14. exd5 Ng4+
15. hxg4 Bxd4 16. Qf3 Bxb2 17. Rab1 Be5 18. Bf4 b6 19. Bxe5 Rxe5 20. Qf4 Qe8
21. Bf3 Rc8 22. Kg2 Qe7 23. Rh1 f5 24. g5 Rf8 25. c4 Qd6 26. c5 bxc5 27. Rb7 a6
28. a4 Bc8 29. Ra7 Rfe8 30. Rb1 R5e7 31. Qc4 Rf8 32. Rb8 f4 33. Raa8 Ree8 34.
Bg4 Bd7 35. Rxa6 Qe5 36. d6+ Kh8 37. Rxe8 Bxe8 38. d7 f3+ 39. Kh2 Bxd7 40. Bxd7
Rd8 41. Re6 Qd4 42. Qxd4+ cxd4 43. Re8+ Rxe8 44. Bxe8 d3 45. a5 1-0

[Event "Las Vegas USA, 32nd North American Open"]
[Site "Las Vegas USA"]
[Date "2022.12.28"]
[Round "6"]
[White "Plotkin, Mark"]
[Black "Smith, Dan"]
[Result "1-0"]
[WhiteElo "2369"]
[BlackElo "2021"]
[PlyCount "59"]
[EventDate "2022.12.26"]
[EventType "swiss"]
[EventRounds "9"]
[EventCountry "USA"]
[Source "ChessMix "]
[SourceDate "2023.01.10"]

1. c4 Nf6 2. Nc3 e5 3. Nf3 Nc6 4. e3 Bb4 5. Qc2 a5 6. Nd5 Bc5 7. a3 d6 8. Nc3
Bg4 9. Bd3 Qd7 10. b3 Ne7 11. Bb2 c6 12. Na4 Ba7 13. c5 Bxf3 14. gxf3 dxc5 15.
Rg1 b5 16. Nc3 Rd8 17. Be2 Ng6 18. a4 b4 19. Ne4 Nxe4 20. fxe4 h5 21. O-O-O Qe7
22. Bc4 Bb8 23. Rg3 Rd6 24. f4 exf4 25. exf4 Rd4 26. Bxd4 cxd4 27. Bxf7+ Kxf7
28. Qc4+ Kf8 29. Rxg6 h4 30. Rxc6 1-0

[Event "Las Vegas USA, 32nd North American Open"]
[Site "Las Vegas USA"]
[Date "2022.12.29"]
[Round "7"]
[White "Martinez, Isaac C"]
[Black "Plotkin, Mark"]
[Result "1/2-1/2"]
[WhiteElo "2056"]
[BlackElo "2369"]
[PlyCount "81"]
[EventDate "2022.12.26"]
[EventType "swiss"]
[EventRounds "9"]
[EventCountry "USA"]
[Source "ChessMix "]
[SourceDate "2023.01.10"]

1. Nf3 f5 2. c4 Nf6 3. d4 e6 4. e3 c6 5. Be2 d5 6. O-O Bd6 7. b3 Nbd7 8. a4 Ne4
9. Qc2 Qf6 10. Ba3 Bc7 11. Nc3 g5 12. cxd5 Nxc3 13. Qxc3 exd5 14. b4 Rg8 15.
Bb2 Qh6 16. b5 c5 17. Ne5 c4 18. g3 Nf6 19. f3 Be6 20. a5 g4 21. f4 Ne4 22. Qe1
Qh3 23. Bd1 h5 24. Bc2 h4 25. Bxe4 dxe4 26. Qf2 Rd8 27. Qg2 Rd5 28. b6 axb6 29.
axb6 Bxe5 30. dxe5 Qxg2+ 31. Kxg2 h3+ 32. Kg1 Rd3 33. Bd4 Kd7 34. Rf2 Rc8 35.
Rc2 Bd5 36. Kf2 Ke6 37. Ke1 Rc6 38. Raa2 Rc8 39. Ra1 Rb3 40. Kd2 Rd3+ 41. Ke1
1/2-1/2

[Event "Las Vegas USA, 32nd North American Open"]
[Site "Las Vegas USA"]
[Date "2022.12.29"]
[Round "8"]
[White "Plotkin, Mark"]
[Black "Huang, Youhe"]
[Result "1-0"]
[WhiteElo "2369"]
[BlackElo "2072"]
[PlyCount "75"]
[EventDate "2022.12.26"]
[EventType "swiss"]
[EventRounds "9"]
[EventCountry "USA"]
[Source "ChessMix "]
[SourceDate "2023.01.10"]

1. Nf3 d5 2. e3 Nf6 3. c4 e6 4. b3 Be7 5. Bb2 c5 6. d4 cxd4 7. exd4 Nc6 8. Nc3
O-O 9. Bd3 Bd6 10. O-O Ne7 11. Re1 b6 12. Ne5 Bb7 13. Re3 Nf5 14. Rh3 Ne4 15.
cxd5 Ng5 16. Bxf5 exf5 17. Re3 f6 18. Nc6 Qd7 19. h4 Nf7 20. Qf3 Rfc8 21. Rae1
Bxc6 22. dxc6 Rxc6 23. Nd5 Rcc8 24. Ne7+ Bxe7 25. Rxe7 Qd6 26. R1e6 Qd8 27. d5
Qf8 28. Ba3 Ne5 29. Qxf5 Ng6 30. Rxa7 Qd8 31. Rxa8 Rxa8 32. Rd6 Qf8 33. Bb4 Ne5
34. Qe6+ Kh8 35. Rxb6 Qd8 36. Rb7 h5 37. Bd6 Qa5 38. Bxe5 1-0

[Event "Las Vegas USA, 32nd North American Open"]
[Site "Las Vegas USA"]
[Date "2022.12.30"]
[Round "9"]
[White "Budisavljevic, Luka"]
[Black "Plotkin, Mark"]
[Result "1-0"]
[WhiteElo "2505"]
[BlackElo "2369"]
[PlyCount "59"]
[EventDate "2022.12.26"]
[EventType "swiss"]
[EventRounds "9"]
[EventCountry "USA"]
[Source "ChessMix "]
[SourceDate "2023.01.10"]

1. Nf3 d5 2. c4 c6 3. e3 e6 4. Nc3 f5 5. cxd5 exd5 6. g3 Nf6 7. Bg2 Bd6 8. Nd4
O-O 9. O-O Qe8 10. d3 Qg6 11. Nce2 Na6 12. b3 Bd7 13. Nf4 Qf7 14. Bb2 g5 15.
Nfe2 Rae8 16. Qd2 Qh5 17. Nf3 h6 18. Bd4 f4 19. gxf4 gxf4 20. exf4 Rxe2 21.
Qxe2 Bxf4 22. Rfe1 Nc7 23. Bxf6 Rxf6 24. Qe7 Rf7 25. Qd8+ Kg7 26. Re7 Rxe7 27.
Qxe7+ Qf7 28. Re1 Be6 29. Qb4 Nb5 30. Rxe6 1-0

[Event "SPICE Cup op"]
[Site "Chesterfield USA"]
[Date "2022.12.22"]
[Round "7.14"]
[White "Plotkin, Mark"]
[Black "Juksta, Karolis"]
[Result "1/2-1/2"]
[WhiteElo "2369"]
[BlackElo "2398"]
[PlyCount "96"]
[EventDate "2022.12.18"]
[EventType "swiss"]
[EventRounds "9"]
[EventCountry "USA"]
[Source "Mark Crowther"]
[SourceDate "2023.01.09"]

1. e4 e6 2. d4 d5 3. Nc3 Nf6 4. e5 Nfd7 5. f4 c5 6. Nf3 Nc6 7. Be3 Be7 8. Qd2
O-O 9. a3 b6 10. g4 cxd4 11. Nxd4 Nxd4 12. Bxd4 Bh4+ 13. Bf2 Bxf2+ 14. Qxf2 f6
15. exf6 Qxf6 16. Bg2 Bb7 17. O-O Nc5 18. g5 Qg6 19. Rae1 Rac8 20. Re5 Rf5 21.
Nb5 Rxe5 22. fxe5 Nd7 23. Nd6 Rf8 24. Qe2 Bc6 25. Rxf8+ Nxf8 26. h4 h6 27. Bf3
hxg5 28. Bh5 Qh7 29. Bf7+ Kh8 30. hxg5 d4 31. Qh2 g6 32. Qf4 Qh3 33. Kf2 Nd7
34. b4 Kg7 35. Be8 Qg2+ 36. Ke1 Qg1+ 37. Kd2 Qg2+ 38. Kc1 d3 39. cxd3 Qa2 40.
Bxd7 Qxa3+ 41. Kd2 Qb2+ 42. Kd1 Qb3+ 43. Ke2 Qb2+ 44. Kf1 Qb1+ 45. Kf2 Qb2+ 46.
Ke1 Qb1+ 47. Ke2 Qb2+ 48. Ke1 Qb1+ 1/2-1/2

[Event "SPICE Cup op"]
[Site "Chesterfield USA"]
[Date "2022.12.22"]
[Round "8.15"]
[White "Sukandar, I."]
[Black "Plotkin, Mark"]
[Result "1/2-1/2"]
[WhiteElo "2399"]
[BlackElo "2369"]
[PlyCount "122"]
[EventDate "2022.12.18"]
[EventType "swiss"]
[EventRounds "9"]
[EventCountry "USA"]
[Source "Mark Crowther"]
[SourceDate "2023.01.09"]

1. e4 c6 2. d4 d5 3. Nc3 dxe4 4. Nxe4 Nf6 5. Nxf6+ exf6 6. Be3 Bf5 7. Bd3 Bd6
8. Ne2 O-O 9. Bxf5 Qa5+ 10. Qd2 Qxf5 11. O-O-O Re8 12. d5 cxd5 13. Qxd5 Qxd5
14. Rxd5 Be5 15. Nd4 Na6 16. a3 Nc7 17. Rd7 Rad8 18. Rxd8 Rxd8 19. Nf5 g6 20.
Nh6+ Kg7 21. Ng4 Bd4 22. Bh6+ Kg8 23. c3 f5 24. Bg5 Rc8 25. Rd1 Ne6 26. Bf6
Bxf6 27. Nxf6+ Kg7 28. Nd5 h5 29. Kc2 Rc4 30. f3 h4 31. b3 Rc5 32. b4 Rc8 33.
a4 h3 34. g3 Re8 35. Kd3 Ng5 36. Rf1 f6 37. g4 Rd8 38. c4 fxg4 39. fxg4 Nf7 40.
Kc3 Ne5 41. Rf4 Kh6 42. Rxf6 Kg5 43. Rf1 Kxg4 44. Rg1+ Kh4 45. Re1 Ng4 46. Nf4
g5 47. Ne6 Rd7 48. Re4 Kh5 49. Re2 Rf7 50. c5 Kh4 51. b5 Nxh2 52. Nxg5 Kxg5 53.
Rxh2 Kg4 54. Kd4 Kg3 55. Rxh3+ Kxh3 56. c6 bxc6 57. bxc6 Kg4 58. Ke5 Rf4 59. c7
Rc4 60. Kd6 a5 61. Kd7 Rd4+ 1/2-1/2

[Event "SPICE Cup op"]
[Site "Chesterfield USA"]
[Date "2022.12.23"]
[Round "9.9"]
[White "Plotkin, Mark"]
[Black "Kantor, G."]
[Result "0-1"]
[WhiteElo "2369"]
[BlackElo "2553"]
[PlyCount "94"]
[EventDate "2022.12.18"]
[EventType "swiss"]
[EventRounds "9"]
[EventCountry "USA"]
[Source "Mark Crowther"]
[SourceDate "2023.01.09"]

1. d4 Nf6 2. c4 e6 3. Nf3 d5 4. Bg5 dxc4 5. Nc3 a6 6. e4 b5 7. e5 h6 8. Bh4 g5
9. Nxg5 hxg5 10. Bxg5 Nbd7 11. Be2 Rg8 12. Bh4 Rh8 13. Bg5 Be7 14. exf6 Bxf6
15. Bf3 Rb8 16. Bf4 Nb6 17. Qe2 Bb7 18. Rd1 Kf8 19. O-O Nd5 20. Nxd5 Bxd5 21.
Bxd5 exd5 22. Rfe1 Rb6 23. Qg4 Rg8 24. Qf5 Bh8 25. Qh3 Rbg6 26. g3 Bf6 27. Re3
Kg7 28. Qf5 c6 29. Be5 Bxe5 30. Rxe5 Qf6 31. Rde1 b4 32. Qd7 Rd8 33. Qb7 Rh8
34. Re7 Rxh2 35. Rxf7+ Qxf7 36. Re7 Rxf2 37. Rxf7+ Rxf7 38. Qxb4 Rxg3+ 39. Kh2
Rg6 40. Qe1 Rf5 41. Qe7+ Kh6 42. Qe3+ Rfg5 43. b3 c3 44. Kh3 Kh7 45. Qe7+ Rg7
46. Qe2 R5g6 47. Qd3 Kh8 0-1

[Event "US Masters"]
[Site "Charlotte USA"]
[Date "2022.11.24"]
[Round "2.7"]
[White "Plotkin, Mark"]
[Black "Yoo, Christopher Woojin"]
[Result "1/2-1/2"]
[WhiteElo "2361"]
[BlackElo "2573"]
[PlyCount "63"]
[EventDate "2022.11.23"]
[EventType "swiss"]
[EventRounds "9"]
[EventCountry "USA"]
[Source "ChessMix"]
[SourceDate "2022.12.01"]

1. c4 Nf6 2. Nc3 e6 3. e4 c5 4. Nf3 Nc6 5. d4 cxd4 6. Nxd4 Bb4 7. Nxc6 dxc6 8.
Qxd8+ Kxd8 9. Bd2 e5 10. f3 Be6 11. O-O-O Ke7 12. a3 Bc5 13. b4 Bd4 14. Ne2 Bf2
15. Ng3 g6 16. Bd3 a5 17. bxa5 Nd7 18. Rhf1 Bc5 19. Nf5+ gxf5 20. exf5 Bxa3+
21. Kc2 Nc5 22. fxe6 Kxe6 23. Ra1 Bb2 24. Kxb2 Nxd3+ 25. Kc2 Rhd8 26. Rfb1 Rd7
27. Rb6 Nf4 28. Bxf4 exf4 29. a6 Rxa6 30. Raxa6 bxa6 31. Rxa6 Kd6 32. Ra5
1/2-1/2

[Event "US Masters"]
[Site "Charlotte USA"]
[Date "2022.11.24"]
[Round "3.17"]
[White "Theodorou, Nikolas"]
[Black "Plotkin, Mark"]
[Result "1/2-1/2"]
[WhiteElo "2598"]
[BlackElo "2361"]
[PlyCount "40"]
[EventDate "2022.11.23"]
[EventType "swiss"]
[EventRounds "9"]
[EventCountry "USA"]
[Source "ChessMix"]
[SourceDate "2022.12.01"]

1. Nf3 d5 2. d4 Nf6 3. c4 c6 4. e3 e6 5. b3 Bd6 6. Bd3 Nbd7 7. Bb2 Ne4 8. O-O
f5 9. Ba3 Bc7 10. Ne1 Qf6 11. f4 g5 12. Bxe4 dxe4 13. Nc3 Qh6 14. d5 gxf4 15.
exf4 exd5 16. cxd5 Bb6+ 17. Kh1 Nf6 18. Nc2 Rg8 19. dxc6 Rg6 20. Qd6 Qxh2+
1/2-1/2

[Event "US Masters"]
[Site "Charlotte USA"]
[Date "2022.11.26"]
[Round "6.18"]
[White "Budisavljevic, Luka"]
[Black "Plotkin, Mark"]
[Result "1/2-1/2"]
[WhiteElo "2505"]
[BlackElo "2361"]
[PlyCount "35"]
[EventDate "2022.11.23"]
[EventType "swiss"]
[EventRounds "9"]
[EventCountry "USA"]
[Source "ChessMix"]
[SourceDate "2022.12.01"]

1. Nf3 d5 2. c4 c6 3. e3 e6 4. d4 f5 5. Bd3 Nf6 6. O-O Bd6 7. b3 Qe7 8. a4 Nbd7
9. Ba3 Bxa3 10. Nxa3 Ne4 11. Qb1 a5 12. Nc2 O-O 13. Qb2 Rf6 14. Ne5 Rh6 15. g3
Qg5 16. Ne1 Qh5 17. h4 Nxe5 18. dxe5 1/2-1/2

[Event "US Masters"]
[Site "Charlotte USA"]
[Date "2022.11.26"]
[Round "7.20"]
[White "Plotkin, Mark"]
[Black "Nagy, Gabor"]
[Result "1/2-1/2"]
[WhiteElo "2361"]
[BlackElo "2482"]
[PlyCount "155"]
[EventDate "2022.11.23"]
[EventType "swiss"]
[EventRounds "9"]
[EventCountry "USA"]
[Source "ChessMix"]
[SourceDate "2022.12.01"]

1. e4 c5 2. Nf3 e6 3. d4 cxd4 4. Nxd4 a6 5. Nc3 b5 6. Bd3 Qb6 7. Nb3 Qc7 8. Qg4
Nf6 9. Qg3 Qxg3 10. hxg3 Nc6 11. f3 Rg8 12. g4 h6 13. g5 hxg5 14. Bxg5 Bb7 15.
O-O-O Be7 16. Rhe1 d6 17. a4 bxa4 18. Nxa4 Nd7 19. Be3 Rc8 20. Kb1 g5 21. Be2
g4 22. f4 Nb4 23. Nc3 Nf6 24. Rd4 d5 25. e5 Nh5 26. Bf2 g3 27. Be3 Ng7 28. Bg4
Rh8 29. Rd2 Nc6 30. Na4 Rh4 31. Bh3 Rb8 32. Nac5 d4 33. Bxd4 Rxf4 34. Nxb7 Rxb7
35. Bc5 Rb5 36. Bxe7 Kxe7 37. Rd6 Rxe5 38. Red1 Nb4 39. Rb6 Rd5 40. Rb7+ Kf6
41. Re1 Re5 42. Rxf7+ Kxf7 43. Rxe5 Rf1+ 44. Nc1 Nf5 45. Re4 Nd5 46. c4 Nb4 47.
c5 a5 48. Rc4 Nc6 49. Rc3 Nfd4 50. Bg4 Ne5 51. Bh5+ Ke7 52. Rxg3 Rh1 53. Rh3
Rg1 54. Rg3 a4 55. Rc3 Kd7 56. Ka2 Rh1 57. Bf3 Kc7 58. c6 Rf1 59. Be4 Re1 60.
Bf3 Rf1 61. Be4 Rd1 62. Nd3 Nb3 63. Ka3 Ra1+ 64. Kb4 Nf7 65. Nf4 Nd8 66. Rd3
Re1 67. Rd7+ Kc8 68. Bf3 Rc1 69. Kb5 e5 70. Kb6 Na5 71. Ng6 Ndxc6 72. Rg7 Rc4
73. Rc7+ Kb8 74. Bxc6 Rc2 75. Nxe5 Rxb2+ 76. Bb5 Rxb5+ 77. Kxb5 Kxc7 78. Kxa4
1/2-1/2

[Event "Titled Tuesday 2022.09.06 Early"]
[Site "chess.com INT"]
[Date "2022.09.06"]
[Round "1"]
[White "Plotkin, Mark"]
[Black "Matt, F."]
[Result "0-1"]
[WhiteElo "2358"]
[BlackElo "2265"]
[PlyCount "118"]
[EventDate "2022.09.06"]
[EventType "swiss (blitz)"]
[EventRounds "11"]
[EventCountry "NET"]
[Source "Mark Crowther"]
[SourceDate "2022.09.12"]

1. e4 e5 2. Nf3 Nc6 3. Bb5 Nf6 4. O-O Nxe4 5. Re1 Nd6 6. Nxe5 Be7 7. Bd3 O-O 8.
Nc3 Nxe5 9. Rxe5 Ne8 10. Nd5 Bd6 11. Re3 Nf6 12. Rh3 g6 13. Bc4 Nxd5 14. Bxd5
Qg5 15. c4 Bf4 16. d4 c6 17. Rg3 Qh6 18. Bxf4 Qxf4 19. Rf3 Qg5 20. Rg3 Qf4 21.
Bf3 d6 22. Bg4 Re8 23. Bxc8 Raxc8 24. Rf3 Qe4 25. Re3 Qf4 26. g3 Qg5 27. f4 Qf6
28. Qd2 c5 29. d5 Rxe3 30. Qxe3 Qxb2 31. Re1 Qxa2 32. Qd3 Qb2 33. Re4 a5 34. f5
a4 35. fxg6 hxg6 36. h4 a3 37. Re2 Qd4+ 38. Qxd4 cxd4 39. Ra2 Rxc4 40. Rxa3 b5
41. Ra6 d3 42. Kf2 Re4 43. Ra2 Re2+ 44. Rxe2 dxe2 45. Kxe2 Kg7 46. g4 Kf6 47.
Ke3 Ke5 48. Kd3 Kxd5 49. Kc3 Ke5 50. Kb4 Kf4 51. h5 Kg5 52. Kxb5 gxh5 53. gxh5
Kxh5 54. Kc6 Kg4 55. Kxd6 f5 56. Kd5 f4 57. Kd4 Kg3 58. Kd3 Kg2 59. Ke2 f3+ 0-1

[Event "Titled Tuesday 2022.09.06 Early"]
[Site "chess.com INT"]
[Date "2022.09.06"]
[Round "2"]
[White "Ljukin, S."]
[Black "Plotkin, Mark"]
[Result "0-1"]
[WhiteElo "2362"]
[BlackElo "2358"]
[PlyCount "24"]
[EventDate "2022.09.06"]
[EventType "swiss (blitz)"]
[EventRounds "11"]
[EventCountry "NET"]
[Source "Mark Crowther"]
[SourceDate "2022.09.12"]

1. e4 c6 2. d4 d5 3. e5 c5 4. Nf3 cxd4 5. Nxd4 Nc6 6. c4 e6 7. Nc3 Nxe5 8. cxd5
Nf6 9. Bb5+ Bd7 10. dxe6 fxe6 11. Nxe6 Qb6 12. Bc6 Qxc6 0-1

[Event "Titled Tuesday 2022.09.06 Early"]
[Site "chess.com INT"]
[Date "2022.09.06"]
[Round "3"]
[White "Plotkin, Mark"]
[Black "Herman, Daniel"]
[Result "1-0"]
[WhiteElo "2358"]
[BlackElo "1957"]
[PlyCount "97"]
[EventDate "2022.09.06"]
[EventType "swiss (blitz)"]
[EventRounds "11"]
[EventCountry "NET"]
[Source "Mark Crowther"]
[SourceDate "2022.09.12"]

1. c4 Nf6 2. Nf3 b6 3. g3 Bb7 4. Bg2 g6 5. O-O Bg7 6. Nc3 O-O 7. d3 c5 8. e4 d6
9. Ng5 Nc6 10. f4 Nd7 11. Be3 Nd4 12. Ne2 Nxe2+ 13. Qxe2 h6 14. Nf3 Qc7 15. g4
e6 16. Qd2 f5 17. Nh4 Kh7 18. exf5 exf5 19. gxf5 gxf5 20. Rae1 Rg8 21. Nxf5 Bc3
22. bxc3 Rxg2+ 23. Qxg2 Bxg2 24. Kxg2 Rg8+ 25. Ng3 Qc6+ 26. Kf2 Nf6 27. h3 Qd7
28. f5 d5 29. Bf4 dxc4 30. dxc4 Re8 31. Rxe8 Qxe8 32. Re1 Qa4 33. Re6 Kg8 34.
Rxf6 Qxa2+ 35. Ne2 Qxc4 36. Rxh6 a5 37. Rxb6 a4 38. Rb8+ Kf7 39. Ra8 Qe4 40.
Ra6 Qc2 41. f6 Qe4 42. h4 Kg6 43. Bg5 Qg4 44. Nf4+ Kf5 45. f7 Ke4 46. f8=Q Qf3+
47. Ke1 Qh1+ 48. Kd2 Qh2+ 49. Ne2 1-0

[Event "Titled Tuesday 2022.09.06 Early"]
[Site "chess.com INT"]
[Date "2022.09.06"]
[Round "4"]
[White "Fernandez, Li"]
[Black "Plotkin, Mark"]
[Result "1-0"]
[WhiteElo "2357"]
[BlackElo "2358"]
[PlyCount "129"]
[EventDate "2022.09.06"]
[EventType "swiss (blitz)"]
[EventRounds "11"]
[EventCountry "NET"]
[Source "Mark Crowther"]
[SourceDate "2022.09.12"]

1. d4 Nf6 2. Nc3 d5 3. Bf4 e6 4. e3 Be7 5. g4 c5 6. g5 Nfd7 7. Nb5 Na6 8. a4
O-O 9. Nf3 f5 10. gxf6 Nxf6 11. c3 cxd4 12. Nbxd4 Nc5 13. Rg1 Nfe4 14. Qc2 Bf6
15. b4 Na6 16. Bd3 Nc7 17. Bxe4 dxe4 18. Qxe4 Nd5 19. Rc1 Nxf4 20. exf4 Qd5 21.
Qxd5 exd5 22. Kd2 Bd7 23. Rce1 Bxa4 24. Ne6 Rac8 25. Nfd4 Rfe8 26. Nc5 Bc6 27.
Re3 Kf7 28. Nce6 Bd7 29. Ng5+ Kg8 30. Rge1 Rxe3 31. Rxe3 b6 32. Ngf3 a5 33.
bxa5 bxa5 34. Ne5 Be8 35. Re1 a4 36. Ra1 Rb8 37. Nd3 Be7 38. f5 Bd6 39. f4 Bd7
40. Ne5 Be8 41. Rg1 a3 42. f6 g6 43. Ra1 Rb2+ 44. Ke3 Rxh2 45. Ndf3 Rb2 46. Ng5
Bxe5 47. fxe5 h6 48. Nf3 a2 49. e6 g5 50. Ne5 h5 51. f7+ Bxf7 52. exf7+ Kg7 53.
Rf1 Rb8 54. Nd7 d4+ 55. Kxd4 Rd8 56. f8=Q+ Rxf8 57. Nxf8 g4 58. Ne6+ Kg6 59.
Ke4 h4 60. Kf4 g3 61. Kg4 g2 62. Rg1 Kf6 63. Kxh4 Kxe6 64. Kg3 Ke5 65. Kxg2 1-0

[Event "Titled Tuesday 2022.09.06 Early"]
[Site "chess.com INT"]
[Date "2022.09.06"]
[Round "5"]
[White "Plotkin, Mark"]
[Black "Perez Leiva, Jerzy Jesus"]
[Result "1-0"]
[WhiteElo "2358"]
[BlackElo "2389"]
[PlyCount "121"]
[EventDate "2022.09.06"]
[EventType "swiss (blitz)"]
[EventRounds "11"]
[EventCountry "NET"]
[Source "Mark Crowther"]
[SourceDate "2022.09.12"]

1. Nf3 Nf6 2. c4 e6 3. g3 d5 4. Bg2 dxc4 5. O-O Nbd7 6. Na3 Bxa3 7. bxa3 O-O 8.
Qc2 Nb6 9. a4 a5 10. Ba3 Re8 11. Ne5 Bd7 12. Bxb7 Bxa4 13. Qc1 h5 14. Rb1 h4
15. Bxa8 Qxa8 16. Nxc4 h3 17. f3 e5 18. Nxb6 cxb6 19. Rxb6 e4 20. Qc4 exf3 21.
exf3 Bd7 22. Bb2 Be6 23. Qc6 Qd8 24. Qd6 Qc8 25. Bxf6 gxf6 26. Re1 Rd8 27. Rc6
Qa8 28. Qc5 Rd5 29. Qc3 Qa7+ 30. Qe3 Qb7 31. Rxe6 fxe6 32. Qxe6+ Qf7 33. Qxh3
Rxd2 34. Qg4+ Kf8 35. Rc1 Qa7+ 36. Kh1 Rd8 37. Qe6 Qe7 38. Qxe7+ Kxe7 39. Re1+
Kd6 40. Re2 Rb8 41. h4 Rb1+ 42. Kh2 a4 43. h5 a3 44. g4 Rb2 45. Rg2 Ke7 46. f4
Kf7 47. Kg3 Kg7 48. g5 f5 49. Kf3 Kf7 50. Re2 Kg7 51. Ke3 Kf7 52. Rd2 Rb4 53.
Rd3 Ra4 54. Rd5 Re4+ 55. Kf3 Kg7 56. Rxf5 Ra4 57. h6+ Kg6 58. Rf6+ Kh7 59. Kg4
Rb4 60. Rf7+ Kg6 61. Rg7# 1-0

[Event "Titled Tuesday 2022.09.06 Early"]
[Site "chess.com INT"]
[Date "2022.09.06"]
[Round "6"]
[White "Aizpurua, Patrick Emilio"]
[Black "Plotkin, Mark"]
[Result "0-1"]
[WhiteElo "2310"]
[BlackElo "2358"]
[PlyCount "102"]
[EventDate "2022.09.06"]
[EventType "swiss (blitz)"]
[EventRounds "11"]
[EventCountry "NET"]
[Source "Mark Crowther"]
[SourceDate "2022.09.12"]

1. d4 Nf6 2. Nf3 g6 3. c4 Bg7 4. g3 d5 5. cxd5 O-O 6. Nc3 Nxd5 7. Bg2 c5 8. O-O
cxd4 9. Nxd4 Nxc3 10. bxc3 Qc7 11. Qb3 Nc6 12. Nb5 Qb8 13. Bf4 e5 14. Be3 Be6
15. c4 a6 16. Nc3 Nd4 17. Bxd4 exd4 18. Nd5 b5 19. Rab1 Qd6 20. cxb5 Rfd8 21.
b6 Bxd5 22. Bxd5 Qxd5 23. b7 Rab8 24. Qxd5 Rxd5 25. Rfc1 Be5 26. Rc8+ Kg7 27.
f4 Bd6 28. Rb6 Bc5 29. Rxb8 d3+ 30. Kg2 Bxb6 31. Rg8+ Kxg8 32. b8=Q+ Bd8 33.
exd3 Rxd3 34. h4 h5 35. f5 gxf5 36. Qc8 f4 37. gxf4 Kg7 38. Qxa6 Rd2+ 39. Kf3
Bxh4 40. a4 Bf6 41. Qb5 h4 42. a5 h3 43. Kg3 h2 44. Qh5 Ra2 45. Kf3 Kf8 46. a6
Bd4 47. Qh6+ Ke7 48. Qg5+ Kd6 49. Qh6+ Kc7 50. Ke4 Bg1 51. Qf6 h1=Q+ 0-1

[Event "Titled Tuesday 2022.09.06 Early"]
[Site "chess.com INT"]
[Date "2022.09.06"]
[Round "7"]
[White "Weetik, V."]
[Black "Plotkin, Mark"]
[Result "0-1"]
[WhiteElo "2423"]
[BlackElo "2358"]
[PlyCount "54"]
[EventDate "2022.09.06"]
[EventType "swiss (blitz)"]
[EventRounds "11"]
[EventCountry "NET"]
[Source "Mark Crowther"]
[SourceDate "2022.09.12"]

1. d4 Nf6 2. c4 e6 3. g3 d5 4. Nf3 Bb4+ 5. Bd2 Be7 6. Bg2 O-O 7. O-O Nbd7 8.
Qc2 c6 9. Na3 b6 10. cxd5 cxd5 11. Nb5 Ba6 12. a4 Ne4 13. Bf4 g5 14. Bc7 Qe8
15. Rfc1 f5 16. Ne5 Nxe5 17. Bxe5 Rc8 18. Nc7 Qd7 19. a5 Bd6 20. Bxd6 Qxd6 21.
axb6 Bc4 22. bxa7 Qxc7 23. b3 f4 24. bxc4 fxg3 25. hxg3 Rxf2 26. cxd5 Rxg2+ 27.
Kh1 Rh2+ 0-1

[Event "Titled Tuesday 2022.09.06 Early"]
[Site "chess.com INT"]
[Date "2022.09.06"]
[Round "8"]
[White "Plotkin, Mark"]
[Black "Barria Zuniga, D."]
[Result "1-0"]
[WhiteElo "2358"]
[BlackElo "2341"]
[PlyCount "83"]
[EventDate "2022.09.06"]
[EventType "swiss (blitz)"]
[EventRounds "11"]
[EventCountry "NET"]
[Source "Mark Crowther"]
[SourceDate "2022.09.12"]

1. Nf3 Nf6 2. c4 d6 3. d4 h6 4. Nc3 Bf5 5. Qb3 Qc8 6. g3 Bh7 7. Bg2 Nbd7 8. O-O
e5 9. Rd1 c6 10. e4 Be7 11. Qc2 O-O 12. b3 Re8 13. Bb2 Bf8 14. Re1 Qc7 15. Rad1
a5 16. Qd2 Qb6 17. d5 Nc5 18. Nh4 a4 19. dxc6 bxc6 20. b4 Qxb4 21. Nd5 Nxd5 22.
cxd5 Qxd2 23. Rxd2 cxd5 24. Rxd5 a3 25. Bc3 Ra4 26. Nf5 Rc4 27. Ba5 Bxf5 28.
exf5 Rc2 29. Ra1 Rb8 30. Rd2 Rbb2 31. Rxc2 Rxc2 32. Bb4 Nd3 33. Bxa3 Nxf2 34.
Bd5 Rd2 35. Bg2 e4 36. Bc1 Rc2 37. Be3 Ng4 38. Bxe4 Nxe3 39. Bxc2 Nxc2 40. Rc1
Nd4 41. Rc8 Nxf5 42. a4 1-0